The 2016 presidential election : the causes and consequences of a political earthquake /

Bibliographic Details
Other Authors: Cavari, Amnon (Editor)
Format: Book
Language:English
Published: Lanham, Maryland : Lexington Books, [2017]
Series:Voting, elections, and the political process.
Subjects:

MARC

Tag First Indicator Second Indicator Subfields
LEADER 00000cam a2200000 i 4500
001 in00003912413
005 20180430074412.0
008 170728t20172017mdu 000 0 eng d
020 |a 1498557368  |q hardcover 
020 |a 9781498557368  |q hardcover 
035 |a (OCoLC)on1013512442 
040 |a DLC  |e rda  |c DLC  |d TXA  |d UtOrBLW 
043 |a n-us--- 
049 |a TXAM 
050 0 0 |a JK526 2016  |b .A184 2017 
082 0 0 |a 324.973/0932  |2 23 
245 0 4 |a The 2016 presidential election :  |b the causes and consequences of a political earthquake /  |c edited by Amnon Cavari, Richard J. Powell, and Kenneth R. Mayer. 
264 1 |a Lanham, Maryland :  |b Lexington Books,  |c [2017] 
264 4 |c ©2017 
300 |a xx, 256 pages :  |b illustrations ;  |c 24 cm. 
336 |a text  |b txt  |2 rdacontent 
337 |a unmediated  |b n  |2 rdamedia 
338 |a volume  |b nc  |2 rdacarrier 
490 1 |a Voting, elections, and the political process 
600 1 |a Trump, Donald,  |d 1946-  |0 http://id.loc.gov/authorities/names/n85387872 
600 1 |a Clinton, Hillary Rodham.  |0 http://id.loc.gov/authorities/names/n93010903 
650 0 |a Presidents  |z United States  |x Election  |y 2016. 
700 1 |a Cavari, Amnon,  |e editor.  |0 http://id.loc.gov/authorities/names/n2014006407 
830 0 |a Voting, elections, and the political process.  |0 http://id.loc.gov/authorities/names/no2017167818 
945 |a PromptCat 
948 |a cataloged  |b h  |c 2017/12/6  |d c  |e dmitchel  |f 1:00:00 pm 
994 |a C0  |b TXA 
999 f f |s 838e30e6-548e-3695-9591-1437ee5f74ba  |i e707b6f0-6849-3840-8908-59391ebc8552  |t 0 
952 f f |p normal  |a Texas A&M University  |b College Station  |c Sterling C. Evans Library  |d Evans: Library Stacks  |t 0  |e JK526 2016 .A184 2017  |h Library of Congress classification  |i unmediated -- volume  |m A14850256414 
998 f f |a JK526 2016 .A184 2017  |t 0  |l Evans: Library Stacks